[Event "Lyon op"]
[Site "Lyon"]
[Date "2005.04.18"]
[Round "3"]
[White "Schweitzer, Adrien"]
[Black "Alonso Moyano, Jonathan"]
[Result "0-1"]
[WhiteElo "2054"]
[BlackElo "2415"]
[PlyCount "56"]
[EventDate "2005.04.16"]
[EventType "swiss"]
[EventRounds "9"]
[EventCountry "FRA"]
[SourceTitle "CBM 105 Extra"]
[Source "ChessBase"]
[SourceDate "2005.05.01"]
[SourceVersion "1"]
[SourceVersionDate "2005.05.01"]
[SourceQuality "1"]

1. d4 f5 2. Nc3 d5 3. e4 dxe4 4. Bc4 Nf6 5. Bg5 Nc6 6. Bb5 e6 7. f3 Be7 8. fxe4 Nxe4 9. Bxe7 Qxe7 10. Nxe4 fxe4 11. Qd2 Bd7 12. 0-0-0 0-0 13. Nh3 a6 14. Ba4 e5 15. d5 Bxh3 16. dxc6 Rad8 17. Qe3 Bxg2 18. Rhg1 Rxd1+ 19. Rxd1 bxc6 20. Bxc6 Qh4 21. Qc5 Qf4+ 22. Kb1 h5 23. Bd5+ Kh7 24. b3 h4 25. Re1 Rd8 26. Qc4 Rxd5 27. Qxd5 h3 28. Qd7 Qf2 0-1